Introduction to database using Microsoft access / (Record no. 1077)
[ view plain ]
| 000 -LEADER | |
|---|---|
| fixed length control field | 01009nam a22002417a 4500 |
| 005 - DATE AND TIME OF LATEST TRANSACTION | |
| control field | 20230214031100.0 |
| 008 - FIXED-LENGTH DATA ELEMENTS--GENERAL INFORMATION | |
| fixed length control field | 230214b |||||||| |||| 00| 0 eng d |
| 020 ## - INTERNATIONAL STANDARD BOOK NUMBER | |
| International Standard Book Number | 978-621-427-061-3 |
| 082 ## - DEWEY DECIMAL CLASSIFICATION NUMBER | |
| Classification number | Fil. 005.7565 Ab117 2019 |
| 100 ## - MAIN ENTRY--PERSONAL NAME | |
| Personal name | Abante, Dean Marmelo V. |
| Relator term | author |
| 245 ## - TITLE STATEMENT | |
| Title | Introduction to database using Microsoft access / |
| Statement of responsibility, etc. | Dean Marmelo V. Abante; co-authors Myra S.J. Santos, John Edgar S. Anthony, Jedric Jgabe B. Santos, Mark Raffy M. Neones, Catherine R. Delfin, Dan Michael A. Cortez |
| 260 ## - PUBLICATION, DISTRIBUTION, ETC. | |
| Place of publication, distribution, etc. | Manila: |
| Name of publisher, distributor, etc. | Unlimited Books Library Services & Publishing, |
| Date of publication, distribution, etc. | c2019. |
| 300 ## - PHYSICAL DESCRIPTION | |
| Extent | viii, 176p.; |
| Other physical details | ill. |
| 541 ## - IMMEDIATE SOURCE OF ACQUISITION NOTE | |
| Accession number | 6838 c.1, 6839 c.2, 6840 c.3 |
| 650 ## - SUBJECT ADDED ENTRY--TOPICAL TERM | |
| Topical term or geographic name entry element | Database management |
| 650 ## - SUBJECT ADDED ENTRY--TOPICAL TERM | |
| Topical term or geographic name entry element | Microsoft access |
| 700 ## - ADDED ENTRY--PERSONAL NAME | |
| Personal name | Santos, Myra S. J. |
| Relator term | author |
| 700 ## - ADDED ENTRY--PERSONAL NAME | |
| Personal name | Anthony, John Edgar S.. |
| Relator term | author |
| 700 ## - ADDED ENTRY--PERSONAL NAME | |
| Personal name | Santos, Jedric Jgabe B. |
| Relator term | author |
| 700 ## - ADDED ENTRY--PERSONAL NAME | |
| Personal name | Neones, Mark Raffy M. |
| Relator term | author |
| 700 ## - ADDED ENTRY--PERSONAL NAME | |
| Personal name | Delfin, Catherine R. |
| Relator term | author |
| 700 ## - ADDED ENTRY--PERSONAL NAME | |
| Personal name | Cortez, Dan Michael A. |
| Relator term | author |
| Withdrawn status | Lost status | Source of classification or shelving scheme | Damaged status | Not for loan | Home library | Current library | Date acquired | Total Checkouts | Full call number | Barcode | Date last seen | Copy number | Price effective from | Koha item type |
|---|---|---|---|---|---|---|---|---|---|---|---|---|---|---|
| Dewey Decimal Classification | ctu-moalboal | ctu-moalboal | 03/03/2021 | Fil. 005.7565 Ab117 2019 | 6838 | 02/14/2023 | 1 | 02/14/2023 | Books-Filipiniana | |||||
| Dewey Decimal Classification | ctu-moalboal | ctu-moalboal | 03/03/2021 | Fil. 005.7565 Ab117 2019 | 6839 | 02/14/2023 | 2 | 02/14/2023 | Books-Filipiniana | |||||
| Dewey Decimal Classification | ctu-moalboal | ctu-moalboal | 03/03/2021 | Fil. 005.7565 Ab117 2019 | 6840 | 02/14/2023 | 3 | 02/14/2023 | Books-Filipiniana |